Geography of Las Vegas on a Map - Statistics

General Stats
  • This quiz has been taken 148 times
  • The average score is 11 of 33
Answers on the Map
Answers color-coded by a green-red scale on the quiz's map according to % correct below.
 
Answer Stats
Answer % Correct
Las Vegas
87%
Bellagio
65%
Luxor
65%
Caesars Entertainment
55%
North Las Vegas Airport
55%
MGM Resorts International
54%
Paradise
54%
Mojave Desert
51%
Sphere
51%
Mandalay Bay
50%
The Venetian
48%
The Strat
41%
Welcome to {Fabulous} Las Vegas
40%
Clark County
33%
Allegiant Stadium
32%
Interstate 15
32%
Fremont Street
30%
Tropicana Avenue
29%
Harry Reid International Airport
28%
The Mirage
21%
T-Mobile Arena
21%
The Meadows
20%
Bryce Harper
15%
High Roller
15%
Prawn cocktail
14%
Golden Nugget
12%
Andre Agassi
11%
Springs Preserve
11%
Sunset Park
11%
Winchester
11%
Fontainebleau
9%
Red Rock Canyon National Conservation Area
8%
Kyle Busch
7%
No matching quizzes found
Score Distribution
Percent of People with Each Score
Percentile by Number Answered
Your Score History
You have not taken this quiz